| 000 | 00476nam a22001697a 4500 | ||
|---|---|---|---|
| 003 | OSt | ||
| 005 | 20140310181849.0 | ||
| 008 | 130709t xxu||||| |||| 00| 0 eng d | ||
| 050 |
_aHE 6185 _b.B149 2004 |
||
| 082 |
_aFIL 769 _bC42 2004 |
||
| 245 |
_aBaguio history through stamps Philippines / _cCharles L. Cheng. |
||
| 260 |
_aBaguio : _bHamada, _c2004. |
||
| 300 |
_a104 p. : _b ill. , col. ; _c27 cm. |
||
| 541 | _j1 | ||
| 562 | _e1 | ||
| 942 |
_2lcc _cBK-FIL _kFIL |
||
| 999 |
_c5371 _d5371 |
||